Bajo el signo del amor (Record no. 171532)

MARC details
000 -LEADER
campo de control de longitud fija 00542nam a22001695i 4500
001 - NÚMERO DE CONTROL
campo de control 171532
003 - IDENTIFICADOR DE NÚMERO DE CONTROL
campo de control ES-MaACL
005 - FECHA Y HORA DE LA ÚLTIMA TRANSACCIÓN
campo de control 20230906214645.0
008 - DATOS DE LONGITUD FIJA--INFORMACIÓN GENERAL
campo de control de longitud fija 090519s1966 sp |||| | spa d
080 ## - NÚMERO DE LA CLASIFICACIÓN DECIMAL UNIVERSAL
Número de la Clasificación Decimal Universal 248.159.24
100 1# - ENTRADA PRINCIPAL--NOMBRE DE PERSONA
Nombre de persona Solano, Jesús.
9 (RLIN) 107079
245 10 - MENCIÓN DEL TÍTULO
Título Bajo el signo del amor
Resto del título : el culto al Corazón de Jesús en su mensaje actual /
Mención de responsabilidad, etc. Jesús Solano.
260 ## - PUBLICACIÓN, DISTRIBUCIÓN, ETC.
Lugar de publicación, distribución, etc. Madrid :
Nombre del editor, distribuidor, etc. Cor Jesu,
Fecha de publicación, distribución, etc. 1966.
300 ## - DESCRIPCIÓN FÍSICA
Extensión 63 p. ;
Dimensiones 17 cm.
650 14 - PUNTO DE ACCESO ADICIONAL DE MATERIA--TÉRMINO DE MATERIA
Término de materia o nombre geográfico como elemento de entrada Sagrado Corazón de Jesús-
Subdivisión general Culto.
9 (RLIN) 140224
852 ## - LOCALIZACIÓN
Ubicación ES-MaACL
Número de control de estantería C-30067
itemnumber R.60390
Holdings
Estatus retirado Estado de pérdida Estado de daño No para préstamo Biblioteca de origen Biblioteca actual Ubicación en estantería Fecha de adquisición Fuente de adquisición Total de préstamos Signatura topográfica completa Código de barras Visto por última vez Precio de reemplazo Tipo de ítem Koha
        Biblioteca del Ateneo de Madrid Biblioteca del Ateneo de Madrid Depósito 2 19/05/2009     C-30067 1180010 23/02/2023 23/02/2023 Libro impreso